The battlefields of knowledge : the interlocking of theory and practice in social research and development

Αποθηκεύτηκε σε:
Λεπτομέρειες βιβλιογραφικής εγγραφής
Άλλοι συγγραφείς: Long, Norman, Long, Ann 1939- (Επιμελητής έκδοσης)
Μορφή: Βιβλίο
Γλώσσα:English
Δημοσίευση: London : Routledge, 1992
Θέματα:
Ετικέτες: Προσθήκη ετικέτας
Δεν υπάρχουν, Καταχωρήστε ετικέτα πρώτοι!

MARC

LEADER 00000nam a2200000 i 4500
001 1/62788
008 930921s eng d
020 |a 0-415-07206-9 
035 |a ΛΕΣΒΟΣb10001101  |l 10001101 
040 |a GR-MY-UA  |b gre  |e aacr 
041 0 |a eng 
082 0 |a 301.01 
245 1 4 |a The battlefields of knowledge :  |b the interlocking of theory and practice in social research and development /  |c Edited by Norman Long; Ann Long 
260 |a London :   |b Routledge,   |c 1992 
300 |a 306 p. 
504 |a Includes bibliographical references and indexes 
650 0 0 |a Sociology  |x Research  |x Methodology. 
650 0 0 |a Social interaction. 
700 1 |a Long, Norman. 
700 1 |a Long, Ann  |d 1939-  |4 edt 
852 |a INST  |b LESVOS  |e 19930921  |h 301.01 BAT  |p 005100006960  |q 005100006960  |t BK  |y 0 
909 |a Λ  |b 028726